[Event "Mexican op 67th"]
[Site "Chihuahua City"]
[Date "2022.04.17"]
[Round "9"]
[White "Beltran, Reyna Uziel Adrian"]
[Black "Silva Hernandez, Jose Luis"]
[Result "1/2-1/2"]
[WhiteElo "1397"]
[BlackElo "2006"]
[PlyCount "51"]
[EventDate "2022.04.12"]
[EventType "swiss"]
[EventRounds "9"]
[EventCountry "MEX"]
[SourceTitle "CBM 207 Extra"]
[Source "ChessBase"]
[SourceDate "2022.05.31"]
[SourceVersion "1"]
[SourceVersionDate "2022.05.31"]
[SourceQuality "1"]

1. d4 d6 2. Nf3 Bg4 3. Bf4 Nd7 4. Nbd2 c6 5. h3 Bh5 6. c3 Ngf6 7. Qb3 Qb6 8. Qxb6 axb6 9. e3 Bxf3 10. Nxf3 g6 11. Bc4 Bg7 12. 0-0 0-0 13. Bh2 b5 14. Bb3 Nb6 15. Nd2 Na4 16. Rab1 Bh6 17. Rfe1 b6 18. g4 Nd7 19. f4 c5 20. Bd5 Rac8 21. g5 Bg7 22. Ne4 b4 23. Bb3 Nxb2 24. Rxb2 bxc3 25. Rc2 cxd4 26. exd4 1/2-1/2